| 000 | 01121nam a2200265Ia 4500 | ||
|---|---|---|---|
| 003 | OSt | ||
| 005 | 20220923211530.0 | ||
| 006 | a|||||r|||| 00| 0 | ||
| 007 | ta | ||
| 008 | 220922b |||||||| |||| 00| 0 hin d | ||
| 020 |
_a9789381698099 (hbk) _c725 |
||
| 024 | _a271,097 | ||
| 037 |
_b79, 21/06/2013, Eastern Book Linkers _cTextual |
||
| 040 |
_aARTS _cARTS _bhin |
||
| 041 |
_2hin _ahin |
||
| 082 | _aNA445,8(Q2:45), 152Q2 | ||
| 100 | _aआत्मा प्रकाश सिंह | ||
| 245 | 0 | _aउत्तर भारत के सूर्य मन्दिरों का वास्तु एवं मूर्तिपरक अध्ययन | |
| 246 | _aUttar bhārat ke sūrya hindiroan kā vāstu evan mūrtiparak adhyayana | ||
| 260 |
_aवाराणसी _b कला प्रकाशन _c2012 |
||
| 300 |
_a288पृ. _ccm. |
||
| 650 |
_aल्थ्ल्त् क्ल्ज्ञ _9156276 |
||
| 942 |
_hNA445,8(Q2:45), 152Q2 _cTEXL _2CC |
||
| 999 |
_c300508 _d300508 |
||